000 00871nam a2200277Ia 4500
001 Para_3546
003 CHAP
008 220125s1943 xx 000 0 und d
010 _a202070
040 _cCHAP
090 _aPA FOLLETO 1143
100 _aHopperstead, S. L
_956213
245 _aBitter rot of apples and its control in Delaware /
_c S. L. Hopperstead, M. W. Goodwin, K. J. Kadow
260 _aNewark, Delaware :
_b Agricultural Experiment Station
300 _a23 p.
440 _aDelaware. Agri. Exp. Sta., Bull.; 24
_9167058
650 _aManzana
_x Enfermedades Fungicidas Mancha amarga
_9167059
700 _aGoowin, M. W. Kadow, K. J.
_9167060
901 _aPA FOLLETO 1143
902 _aA
905 _a0000001943 NEWa 0000000000 00
910 _a1943
942 _cPARA
942 _cPARA
_d1
999 _c202070
_d202070